01191nam a2200325 i 4500001001000000003000400010005001700014008004100031020002500072020002200097040004000119082002300159100003800182245008300220250004300303260006600346300003300412490002000445500002000465504003100485650002500516650004400541653002500585655002100610700002800631700002900659942002300688999001700711952013700728016492560OSt20201128021206.0131216t2014 xxka frb 001 0 eng d a9781292025902 (pbk.) a1292025905 (pbk.) aStDuBDSbengcStDuBDSdUkdEG-ScBUE00a621.38223222bNAW1 aOppenheim, Alan V.,d1937-93735410aSignals and systems /cAlan V. Oppenheim, Alan S. Willsky with S. Hamid Nawab. a2nd ed.bPearson new international ed. aHarlow, United Kingdom :bPearson Education Limited,cc.2014. aii, 937 p. :bill. ;c28 cm.0 aAlways learning aIndex : p. 937. aBibliography : p. 917-925. 0aSystem analysis9734 0aSignal theory (Telecommunication)95934 bENGELCcFebruary2015 vtext book9337281 aWillsky, Alan S.9373551 aHamid, Syed Abdul937356 2ddck621.38223 NAW c18949d18921 00102ddc40708BaccahaMAINbMAINc1STd2015-02-09epurchasel6m24o621.38223 NAWp000037378r2025-07-15 00:00:00s2020-12-01yBB